All Valorant Teams with a classic skin (2026) - Statistics

General Stats
  • This quiz has been taken 8 times
  • The average score is 9 of 28
Answer Stats
Hint Answer % Correct
Ge Gen G
100%
10 100 Thieves
60%
Bi Bilibili Gaming
60%
ED EDward Gaming
60%
Fn Fnatic
60%
FU FUT Esports
60%
G2 G2 Esports
60%
KR KRÜ Esports
60%
LE LEVIATAN
60%
Al All Gamers
40%
Cl Cloud9
40%
Ev Evil Geniuses
40%
FU FURIA
40%
Ge Gentle Mates
40%
Na Natus Vincere
40%
BB BBL Esports
20%
Dr Dragon Ranger Gaming
20%
Dr DRX
20%
GI GIANTX
20%
LO LOUD
20%
MI MIBR
20%
De DetonatioN FocusMe
0%
FU FULL SENSE
0%
Fu FunPlus Phoenix
0%
Gl Global Esports
0%
JD JD Gaming
0%
Ka Karmine Corp
0%
No Nova Esports
0%
No matching quizzes found
Score Distribution
Percent of People with Each Score
Percentile by Number Answered
Your Score History
You have not taken this quiz